00578nam a2200217Ia 4500008004100000020001800041050001500059050002100074245003800095245003500133260001700168260002600185260000900211300001600220300001100236300001100247500004100258650001900299650001700318650002500335160216s9999 xx 000 0 und d a971-574-087-1 aFIL AZ 183 b.P45H86 2004 c.7 aHumanities for college students / cFelicidad P. Espina… [et al] aQuezon City: bKatha Pub. Co., Inc., c2004 a180 pages : bill. ; c26 cm. aIncludes bibliographical references. aHumanities --  aPhilippines. xStudy and teaching.